[Event "Muensterland Verbandsklasse playoff"]
[Site "Germany"]
[Date "2022.04.23"]
[Round "2.5"]
[White "Sicking, Norbert"]
[Black "Roewekamp, Andre"]
[Result "1/2-1/2"]
[WhiteElo "1749"]
[BlackElo "1602"]
[PlyCount "106"]
[EventDate "2022.04.02"]
[EventType "team-tourn"]
[EventRounds "5"]
[EventCountry "GER"]
[SourceTitle "EXT 2023"]
[Source "ChessBase"]
[SourceDate "2022.10.05"]
[SourceVersion "1"]
[SourceVersionDate "2022.10.05"]
[SourceQuality "1"]
[WhiteTeam "Heiden"]
[BlackTeam "Reckenfeld"]
[WhiteTeamCountry "GER"]
[BlackTeamCountry "GER"]

1. d4 d5 2. Nf3 Nf6 3. g3 Bg4 4. Bg2 e6 5. 0-0 Bd6 6. Nbd2 0-0 7. a3 Nbd7 8. b4 e5 9. Bb2 Re8 10. Nxe5 Nxe5 11. dxe5 Bxe5 12. Bxe5 Rxe5 13. Nf3 Re7 14. Nd4 Qd7 15. Qd3 Rae8 16. e3 Bh3 17. Rfc1 Bxg2 18. Kxg2 Ne4 19. Re1 Re5 20. Qe2 b6 21. b5 Nc3 22. Qf1 Rh5 23. Kh1 Ne4 24. Qg2 Qh3 25. Qxh3 Nxf2+ 26. Kg2 Nxh3 27. g4 Rh6 28. Nf5 Ng5 29. Nxh6+ gxh6 30. a4 Ne4 31. a5 Nc3 32. axb6 axb6 33. Kf3 Nxb5 34. Red1 c6 35. Ra6 Rb8 36. Rda1 Nc7 37. Ra7 Rc8 38. Rb7 b5 39. Raa7 Ne6 40. h4 Nd8 41. Rc7 Rb8 42. Ra2 Kf8 43. Rd7 b4 44. Rd6 Kg7 45. Rb2 f6 46. Ke2 Kf7 47. Rd7+ Ke6 48. Rxh7 Nf7 49. Ra2 b3 50. cxb3 Rxb3 51. Ra6 Rc3 52. Ra4 Rc1 53. Rb4 Ra1 1/2-1/2

[Event "Muensterland Verbandsklasse 1920"]
[Site "Germany"]
[Date "2019.12.07"]
[Round "4.6"]
[White "Bienhuels, Michael"]
[Black "Roewekamp, Andre"]
[Result "1-0"]
[WhiteElo "1658"]
[BlackElo "1622"]
[PlyCount "109"]
[EventDate "2019.09.14"]
[EventType "team-tourn"]
[EventRounds "7"]
[EventCountry "GER"]
[SourceTitle "EXT 2023"]
[Source "ChessBase"]
[SourceDate "2022.10.05"]
[SourceVersion "1"]
[SourceVersionDate "2022.10.05"]
[SourceQuality "1"]
[WhiteTeam "Duelmen II"]
[BlackTeam "Reckenfeld"]
[WhiteTeamCountry "GER"]
[BlackTeamCountry "GER"]

1. e4 e5 2. f4 exf4 3. Nf3 Nc6 4. Bc4 d6 5. 0-0 Ne5 6. Be2 Nf6 7. d4 Ng6 8. Nc3 Be7 9. Bd2 0-0 10. Kh1 c6 11. Qc1 Bg4 12. Bxf4 Qd7 13. Be3 Rae8 14. h3 Bxh3 15. gxh3 Qxh3+ 16. Nh2 Bd8 17. Rf3 Qe6 18. Bd3 Ba5 19. Bg5 Ng4 20. Qg1 Nxh2 21. Qxh2 Bd8 22. Bxd8 Rxd8 23. Raf1 h6 24. a3 Rd7 25. Qh3 Qxh3+ 26. Rxh3 Re7 27. Ne2 Rfe8 28. Nf4 Nf8 29. Rg1 Kh8 30. c3 a6 31. Kg2 f6 32. Kf2 d5 33. exd5 cxd5 34. Nxd5 Rd7 35. Ne3 Rc7 36. Nf5 Rd8 37. Nxh6 gxh6 38. Rxh6+ Nh7 39. Rgh1 Rdd7 40. Rxh7+ Rxh7 41. Rxh7+ Rxh7 42. Bxh7 Kxh7 43. Kf3 f5 44. Kf4 Kg6 45. c4 Kf6 46. b4 b5 47. cxb5 axb5 48. d5 Ke7 49. Kxf5 Kd6 50. Ke4 Kd7 51. Ke5 Ke7 52. d6+ Kd7 53. Kd5 Kd8 54. Kc6 Kc8 55. Kxb5 1-0

[Event "Muensterland Verbandsklasse 1920"]
[Site "Germany"]
[Date "2019.09.14"]
[Round "1.7"]
[White "Van Dam, Hans"]
[Black "Roewekamp, Andre"]
[Result "1/2-1/2"]
[WhiteElo "1601"]
[BlackElo "1622"]
[PlyCount "84"]
[EventDate "2019.09.14"]
[EventType "team-tourn"]
[EventRounds "7"]
[EventCountry "GER"]
[SourceTitle "EXT 2023"]
[Source "ChessBase"]
[SourceDate "2022.10.05"]
[SourceVersion "1"]
[SourceVersionDate "2022.10.05"]
[SourceQuality "1"]
[WhiteTeam "Rheine Klein Berlin II"]
[BlackTeam "Reckenfeld"]
[WhiteTeamCountry "GER"]
[BlackTeamCountry "GER"]

1. e4 e5 2. Nf3 Nc6 3. d4 exd4 4. Bc4 Bb4+ 5. c3 dxc3 6. Nxc3 h6 7. 0-0 d6 8. Qb3 Qd7 9. Nd5 Bc5 10. Qc3 f6 11. Nf4 Nge7 12. Ne6 Ng6 13. Nxc5 dxc5 14. Be3 b6 15. Rad1 Qe7 16. Bd5 Bb7 17. b4 Nd8 18. bxc5 Bxd5 19. exd5 0-0 20. Rfe1 Qf7 21. c6 Ne7 22. Qb3 a5 23. Bf4 Ng6 24. Bc1 Kh8 25. Qe3 a4 26. Ba3 Rg8 27. Bb4 f5 28. a3 Qf6 29. Ne5 Nf7 30. Nxg6+ Qxg6 31. Qf4 Nd6 32. Re6 Qh5 33. Rde1 Nb5 34. Qc4 Na7 35. Qf4 Nb5 36. f3 Rad8 37. R6e5 Rge8 38. g4 Qg6 39. Rxe8+ Rxe8 40. Rxe8+ Qxe8 41. Kf2 fxg4 42. fxg4 Kg8 1/2-1/2

[Event "Steinfurt Bezirksliga 1819"]
[Site "Germany"]
[Date "2019.03.30"]
[Round "9.7"]
[White "Thomann, Henning"]
[Black "Roewekamp, Andre"]
[Result "1-0"]
[WhiteElo "1460"]
[BlackElo "1599"]
[PlyCount "37"]
[EventDate "2018.09.01"]
[EventType "team-tourn"]
[EventRounds "10"]
[EventCountry "GER"]
[SourceTitle "EXT 2020"]
[Source "ChessBase"]
[SourceDate "2019.10.17"]
[SourceVersion "1"]
[SourceVersionDate "2019.10.17"]
[SourceQuality "1"]
[WhiteTeam "Neuenkirchen"]
[BlackTeam "Reckenfeld"]
[WhiteTeamCountry "GER"]
[BlackTeamCountry "GER"]

1. d4 d5 2. c4 c6 3. Nc3 dxc4 4. e3 b5 5. Qf3 b4 6. Bxc4 e6 7. Ne4 h6 8. Ne2 Ne7 9. Bd2 a5 10. 0-0 Nd5 11. N2g3 Nd7 12. a3 bxa3 13. bxa3 c5 14. dxc5 Nxc5 15. Nxc5 Bxc5 16. Rfd1 Qf6 17. Bxd5 Qxf3 18. Bxf3 Ra7 19. Rdc1 1-0

[Event "Steinfurt Bezirksliga 1718"]
[Site "Germany"]
[Date "2017.12.02"]
[Round "3.5"]
[White "Schulte, Rainer"]
[Black "Roewekamp, Andre"]
[Result "1/2-1/2"]
[WhiteElo "1497"]
[BlackElo "1608"]
[PlyCount "37"]
[EventDate "2017.09.23"]
[EventType "team-tourn"]
[EventRounds "7"]
[EventCountry "GER"]
[SourceTitle "EXT 2019"]
[Source "ChessBase"]
[SourceDate "2018.10.10"]
[SourceVersion "1"]
[SourceVersionDate "2018.10.10"]
[SourceQuality "1"]
[WhiteTeam "Emsdetten Rochade IV"]
[BlackTeam "Reckenfeld"]
[WhiteTeamCountry "GER"]
[BlackTeamCountry "GER"]

1. d4 d5 2. c4 Nf6 3. cxd5 Qxd5 4. Nc3 Qf5 5. Nf3 Nbd7 6. e3 e5 7. dxe5 Nxe5 8. Nd4 Qd7 9. Bb5 c6 10. Ba4 Bb4 11. Bd2 0-0 12. Bc2 Nc4 13. Rb1 Re8 14. Qe2 b5 15. Nb3 Bb7 16. a3 Nxd2 17. Qxd2 Qxd2+ 18. Nxd2 Bxc3 19. bxc3 1/2-1/2

[Event "Steinfurt Bezirksliga 1516"]
[Site "Germany"]
[Date "2016.05.28"]
[Round "9.2"]
[White "Wolf, Sergej"]
[Black "Roewekamp, Andre"]
[Result "1/2-1/2"]
[WhiteElo "1681"]
[BlackElo "1625"]
[PlyCount "48"]
[EventDate "2015.09.19"]
[EventType "team-tourn"]
[EventRounds "9"]
[EventCountry "GER"]
[SourceTitle "EXT 2017"]
[Source "ChessBase"]
[SourceDate "2016.10.25"]
[SourceVersion "1"]
[SourceVersionDate "2016.10.25"]
[SourceQuality "1"]
[WhiteTeam "Ibbenbueren II"]
[BlackTeam "Reckenfeld"]
[WhiteTeamCountry "GER"]
[BlackTeamCountry "GER"]

1. d4 d5 2. Nf3 Nf6 3. Bg5 e6 4. e3 c5 5. c3 cxd4 6. cxd4 Bb4+ 7. Nc3 0-0 8. Bd3 h6 9. Bh4 Nbd7 10. 0-0 a6 11. Rc1 b5 12. Ne5 Qb6 13. Bxf6 Nxf6 14. Qb3 Bd6 15. Na4 Qb8 16. Nc5 Bxe5 17. dxe5 Qxe5 18. a4 bxa4 19. Qxa4 Qxb2 20. Rb1 Qe5 21. Rfc1 Rd8 22. Qa5 Bd7 23. Nxd7 Rxd7 24. Qxa6 Rdd8 1/2-1/2

[Event "Steinfurt Bezirksliga 1516"]
[Site "Germany"]
[Date "2016.02.20"]
[Round "6.4"]
[White "Willermann, Norbert"]
[Black "Roewekamp, Andre"]
[Result "1/2-1/2"]
[WhiteElo "1646"]
[BlackElo "1625"]
[PlyCount "50"]
[EventDate "2015.09.19"]
[EventType "team-tourn"]
[EventRounds "9"]
[EventCountry "GER"]
[SourceTitle "EXT 2017"]
[Source "ChessBase"]
[SourceDate "2016.10.25"]
[SourceVersion "1"]
[SourceVersionDate "2016.10.25"]
[SourceQuality "1"]
[WhiteTeam "Emsdetten Rochade III"]
[BlackTeam "Reckenfeld"]
[WhiteTeamCountry "GER"]
[BlackTeamCountry "GER"]

1. e4 e5 2. Nf3 Nc6 3. Bc4 Bc5 4. c3 Nf6 5. d4 exd4 6. cxd4 Bb4+ 7. Bd2 Bxd2+ 8. Nbxd2 d5 9. exd5 Nxd5 10. 0-0 0-0 11. Re1 Nf4 12. Nb3 Bf5 13. Qd2 Qd6 14. Ne5 Ng6 15. Nxc6 Qxc6 16. Rac1 Qd6 17. Nc5 b6 18. Ne4 Qd7 19. Qc3 Rad8 20. Ng3 Nh4 21. Nxf5 Nxf5 22. d5 Rfe8 23. Rxe8+ Rxe8 24. Bb3 a5 25. a4 Re7 1/2-1/2

[Event "Steinfurt Bezirksliga 1516"]
[Site "Germany"]
[Date "2016.01.23"]
[Round "5.4"]
[White "Roewekamp, Andre"]
[Black "Meinert, Dominik"]
[Result "1-0"]
[WhiteElo "1625"]
[BlackElo "1618"]
[PlyCount "81"]
[EventDate "2015.09.19"]
[EventType "team-tourn"]
[EventRounds "9"]
[EventCountry "GER"]
[SourceTitle "EXT 2017"]
[Source "ChessBase"]
[SourceDate "2016.10.25"]
[SourceVersion "1"]
[SourceVersionDate "2016.10.25"]
[SourceQuality "1"]
[WhiteTeam "Reckenfeld"]
[BlackTeam "Steinfurt II"]
[WhiteTeamCountry "GER"]
[BlackTeamCountry "GER"]

1. e4 e5 2. Nf3 Nf6 3. Nc3 Bb4 4. Bc4 0-0 5. d3 Nc6 6. 0-0 h6 7. Ne2 d6 8. h3 Na5 9. Bb3 Nxb3 10. axb3 Re8 11. Ng3 c6 12. Nh2 d5 13. exd5 cxd5 14. f4 b6 15. fxe5 Rxe5 16. Qf3 Re1 17. Rxe1 Bxe1 18. Bxh6 Bxg3 19. Qxg3 Nh5 20. Qe5 gxh6 21. Qxh5 Qg5 22. Qf3 Be6 23. Nf1 Rc8 24. c3 Rc7 25. d4 Rd7 26. Kh2 Qg6 27. Qg3 Qxg3+ 28. Nxg3 Kh7 29. Nh5 Kg6 30. g4 a5 31. Rf1 Rd6 32. Rf6+ Kh7 33. Kg3 b5 34. h4 b4 35. cxb4 axb4 36. g5 hxg5 37. hxg5 Rc6 38. Rh6+ Kg8 39. Nf6+ Kf8 40. Rh8+ Kg7 41. Rg8# 1-0

[Event "Steinfurt Bezirksliga 1314"]
[Site "Germany"]
[Date "2014.04.26"]
[Round "8.5"]
[White "Baltes, Manfred"]
[Black "Roewekamp, Andre"]
[Result "1/2-1/2"]
[WhiteElo "1573"]
[BlackElo "1568"]
[PlyCount "54"]
[EventDate "2013.09.14"]
[EventType "team-tourn"]
[EventRounds "9"]
[EventCountry "GER"]
[SourceTitle "EXT 2015"]
[Source "ChessBase"]
[SourceDate "2014.11.20"]
[SourceVersion "1"]
[SourceVersionDate "2014.11.20"]
[SourceQuality "1"]
[WhiteTeam "Steinfurt II"]
[BlackTeam "Reckenfeld"]
[WhiteTeamCountry "GER"]
[BlackTeamCountry "GER"]

1. e4 e5 2. Nf3 Nc6 3. Bc4 Bc5 4. c3 Nf6 5. d4 exd4 6. cxd4 Bb4+ 7. Bd2 Bxd2+ 8. Nbxd2 d5 9. exd5 Nxd5 10. 0-0 0-0 11. Re1 Nb6 12. d5 Nxd5 13. Qb3 Na5 14. Qd3 Nxc4 15. Nxc4 Be6 16. Rad1 Qf6 17. b3 Rad8 18. Qd4 Qxd4 19. Nxd4 Nc3 20. Nxe6 fxe6 21. Rxd8 Rxd8 22. g3 Nxa2 23. Ra1 Nb4 24. Rxa7 b5 25. Ne5 Nd3 26. Nc6 Rf8 27. f4 Rf7 1/2-1/2

[Event "Steinfurt Bezirksliga 1213"]
[Site "Germany"]
[Date "2013.05.04"]
[Round "9.6"]
[White "Baltes, Manfred"]
[Black "Roewekamp, Andre"]
[Result "1-0"]
[WhiteElo "1556"]
[BlackElo "1525"]
[PlyCount "100"]
[EventDate "2012.09.22"]
[EventType "team-tourn"]
[EventRounds "9"]
[EventCountry "GER"]
[SourceTitle "EXT 2015"]
[Source "ChessBase"]
[SourceDate "2014.11.20"]
[SourceVersion "1"]
[SourceVersionDate "2014.11.20"]
[SourceQuality "1"]
[WhiteTeam "Steinfurt II"]
[BlackTeam "Reckenfeld"]
[WhiteTeamCountry "GER"]
[BlackTeamCountry "GER"]

1. e4 e5 2. Nf3 Nc6 3. Bc4 Bc5 4. c3 Nf6 5. d4 exd4 6. cxd4 Bb4+ 7. Bd2 Nxe4 8. Bxb4 Nxb4 9. Bxf7+ Kxf7 10. Qb3+ d5 11. Ne5+ Kg8 12. Qxb4 Qf6 13. 0-0 h6 14. f3 Ng5 15. Nc3 c6 16. Rae1 Ne6 17. Ne2 Kh7 18. Qd2 Re8 19. f4 Nf8 20. Ng3 Be6 21. Qd3+ Kg8 22. Nh5 Qh4 23. Qf3 Bf7 24. Ng3 Qf6 25. Ne2 b6 26. Rc1 Re6 27. Qd3 Qe7 28. Nxc6 Qf6 29. Ne5 Nh7 30. Rc7 Be8 31. Rfc1 Qd8 32. Qg3 Re7 33. Qc3 Nf6 34. Rxe7 Qxe7 35. a3 Bb5 36. Ng3 Rf8 37. Ng6 Qf7 38. Nxf8 Qxf8 39. Qc8 Bd7 40. Qxf8+ Kxf8 41. h3 Ne8 42. Kf2 Kf7 43. Ne2 g6 44. g4 a6 45. Kf3 Kf6 46. h4 Ke6 47. Ng3 Nd6 48. Re1+ Kf6 49. g5+ hxg5 50. fxg5+ Kf7 1-0

[Event "Muensterland Verbandsklasse-B 1112"]
[Site "Germany"]
[Date "2011.12.10"]
[Round "4.8"]
[White "Roewekamp, Andre"]
[Black "Messelink, Gerrit"]
[Result "0-1"]
[WhiteElo "1407"]
[BlackElo "1598"]
[PlyCount "84"]
[EventDate "2011.09.17"]
[EventType "team-tourn"]
[EventRounds "9"]
[EventCountry "GER"]
[SourceTitle "EXT 2013"]
[Source "ChessBase"]
[SourceDate "2012.11.22"]
[SourceVersion "1"]
[SourceVersionDate "2012.11.22"]
[SourceQuality "1"]
[WhiteTeam "Reckenfeld"]
[BlackTeam "Ahaus Wessum"]
[WhiteTeamCountry "GER"]
[BlackTeamCountry "GER"]

1. e4 d6 2. Nf3 Nf6 3. Nc3 g6 4. Bc4 Bg7 5. 0-0 c6 6. d3 b5 7. Bb3 Nbd7 8. Ne2 Qc7 9. c3 0-0 10. Be3 Bb7 11. Qd2 c5 12. c4 bxc4 13. Bxc4 Ng4 14. h3 Nxe3 15. fxe3 Nb6 16. Rac1 Nxc4 17. Rxc4 Rab8 18. b3 a5 19. Nf4 e6 20. Ng5 Qd8 21. Nf3 Ba6 22. Rcc1 Rb4 23. Qc2 Qb6 24. Rb1 Rb8 25. Nd2 c4 26. Nxc4 Bxc4 27. dxc4 Qxe3+ 28. Kh1 Qc3 29. Qxc3 Bxc3 30. Rf3 Be5 31. Nd3 Rxc4 32. Nxe5 dxe5 33. Re3 Ra4 34. Rb2 Kg7 35. Rc2 Ra3 36. Rec3 Rb4 37. Rc4 f5 38. exf5 exf5 39. g3 Rxc4 40. bxc4 Rxg3 41. c5 Rxh3+ 42. Kg2 Rd3 0-1

[Event "Steinfurt Bezirksklasse 1011"]
[Site "Germany"]
[Date "2011.02.26"]
[Round "7.2"]
[White "Roewekamp, Andre"]
[Black "Hoffmann, Jens"]
[Result "1-0"]
[WhiteElo "1447"]
[BlackElo "1334"]
[PlyCount "81"]
[EventDate "2010.09.25"]
[EventType "team-tourn"]
[EventRounds "9"]
[EventCountry "GER"]
[SourceTitle "EXT 2012"]
[Source "ChessBase"]
[SourceDate "2011.11.24"]
[SourceVersion "1"]
[SourceVersionDate "2011.11.24"]
[SourceQuality "1"]
[WhiteTeam "Reckenfeld II"]
[BlackTeam "Emsdetten Turm IV"]
[WhiteTeamCountry "GER"]
[BlackTeamCountry "GER"]

1. e4 d6 2. d4 Nf6 3. Bd3 g6 4. Nf3 Bg7 5. 0-0 0-0 6. c3 Nbd7 7. Re1 c5 8. Qc2 Qc7 9. b3 e5 10. dxe5 dxe5 11. c4 Rd8 12. Nc3 a6 13. Bg5 Re8 14. a3 b6 15. Nd5 Qd6 16. Rad1 Nxd5 17. exd5 f6 18. Bc1 Kf7 19. h4 Nf8 20. g3 Bg4 21. Kg2 Bxf3+ 22. Kxf3 Re7 23. g4 Rae8 24. Kg2 Nd7 25. Re2 a5 26. Rh1 Nf8 27. h5 Rd8 28. hxg6+ hxg6 29. Bh6 Bxh6 30. Rxh6 Qd7 31. Bxg6+ Kg7 32. Bf5 Qe8 33. Qd2 e4 34. Qf4 Kg8 35. Rxe4 Rg7 36. Rxe8 Rxe8 37. Qh2 Kf7 38. Qh5+ Ke7 39. Qh4 Rg5 40. f4 Ng6 41. Bxg6 1-0

[Event "Steinfurt Bezirksklasse 1011"]
[Site "Germany"]
[Date "2010.12.18"]
[Round "4.2"]
[White "Geisler, Peter"]
[Black "Roewekamp, Andre"]
[Result "1-0"]
[WhiteElo "1366"]
[BlackElo "1447"]
[PlyCount "47"]
[EventDate "2010.09.25"]
[EventType "team-tourn"]
[EventRounds "9"]
[EventCountry "GER"]
[SourceTitle "EXT 2012"]
[Source "ChessBase"]
[SourceDate "2011.11.24"]
[SourceVersion "1"]
[SourceVersionDate "2011.11.24"]
[SourceQuality "1"]
[WhiteTeam "Ibbenbueren III"]
[BlackTeam "Reckenfeld II"]
[WhiteTeamCountry "GER"]
[BlackTeamCountry "GER"]

1. c4 e5 2. Nc3 Nf6 3. g3 c6 4. Bg2 d5 5. cxd5 Nxd5 6. Nf3 Nxc3 7. bxc3 Bd6 8. 0-0 0-0 9. Bb2 Be6 10. Qc2 f5 11. d4 e4 12. Nd2 Qg5 13. e3 Qg6 14. f3 exf3 15. Bxf3 Qg5 16. Qd3 f4 17. Ne4 Qg6 18. exf4 Bh3 19. Bc1 Bxf1 20. Kxf1 Re8 21. Qc4+ Qe6 22. Qd3 Nd7 23. Ng5 Qh6 24. Qc4+ 1-0

[Event "Steinfurt Bezirksliga 0910"]
[Site "Germany"]
[Date "2010.03.13"]
[Round "7.6"]
[White "Zachert, Axel"]
[Black "Roewekamp, Andre"]
[Result "1-0"]
[WhiteElo "1657"]
[BlackElo "1463"]
[PlyCount "89"]
[EventDate "2009.09.12"]
[EventType "team-tourn"]
[EventRounds "9"]
[EventCountry "GER"]
[SourceTitle "EXT 2011"]
[Source "ChessBase"]
[SourceDate "2010.11.26"]
[SourceVersion "1"]
[SourceVersionDate "2010.11.26"]
[SourceQuality "1"]
[WhiteTeam "Westerkappeln"]
[BlackTeam "Reckenfeld"]
[WhiteTeamCountry "GER"]
[BlackTeamCountry "GER"]

1. d4 d5 2. Nf3 Bg4 3. e3 Nf6 4. Be2 e6 5. 0-0 c5 6. b3 cxd4 7. Nxd4 Bxe2 8. Qxe2 Bd6 9. Nf3 Qc7 10. Bb2 Nbd7 11. Rc1 0-0 12. c4 Qd8 13. Nbd2 Re8 14. e4 Bf4 15. Rc2 Rc8 16. g3 Bxd2 17. Nxd2 dxc4 18. Nxc4 Nc5 19. Rd1 Ncd7 20. Nd6 Rxc2 21. Qxc2 Rf8 22. Nxb7 Qb6 23. Nd6 Rd8 24. Nc4 Qc6 25. Bxf6 gxf6 26. Rd6 Qc7 27. Qd1 Kf8 28. Qh5 Kg8 29. Qd1 Kf8 30. Qd2 Ke7 31. h4 Qb7 32. e5 Rg8 33. Na5 Qc7 34. Nc6+ Ke8 35. exf6 Rg6 36. Na5 Nxf6 37. Rd3 Ne4 38. Qe1 Rg4 39. Nc4 Qe7 40. Kf1 Qf6 41. Nd6+ Nxd6 42. Rxd6 Rxg3 43. Qc1 Rc3 44. Qg5 Ke7 45. Rd7+ 1-0

[Event "Steinfurt Bezirksliga 0910"]
[Site "Germany"]
[Date "2010.02.13"]
[Round "6.5"]
[White "Just, Sergey"]
[Black "Roewekamp, Andre"]
[Result "1-0"]
[WhiteElo "1673"]
[BlackElo "1463"]
[PlyCount "106"]
[EventDate "2009.09.12"]
[EventType "team-tourn"]
[EventRounds "9"]
[EventCountry "GER"]
[SourceTitle "EXT 2011"]
[Source "ChessBase"]
[SourceDate "2010.11.26"]
[SourceVersion "1"]
[SourceVersionDate "2010.11.26"]
[SourceQuality "1"]
[WhiteTeam "Steinfurt II"]
[BlackTeam "Reckenfeld"]
[WhiteTeamCountry "GER"]
[BlackTeamCountry "GER"]

1. d4 d5 2. Nf3 Bg4 3. Bf4 Bxf3 4. exf3 e6 5. Bd3 c5 6. dxc5 Bxc5 7. 0-0 Nf6 8. Be3 Qb6 9. Bxc5 Qxc5 10. c3 0-0 11. Nd2 Nbd7 12. Rc1 Ne5 13. Bb1 Qb5 14. Qb3 Qxb3 15. Nxb3 Rac8 16. Nd2 g6 17. Rfe1 Nc4 18. Nxc4 Rxc4 19. Bd3 Rc7 20. Rc2 Rd8 21. Kf1 a6 22. f4 Nd7 23. Be2 d4 24. Rec1 Nb6 25. cxd4 Rxc2 26. Rxc2 Rxd4 27. Rc7 Rd7 28. Rxd7 Nxd7 29. Bf3 b6 30. b4 Nf6 31. a4 a5 32. bxa5 bxa5 33. Ke2 Nd7 34. Bc6 Nc5 35. Kd2 Kf8 36. Kc3 Ke7 37. Kc4 Kd6 38. Kb5 Nb3 39. Be4 f5 40. Bd3 Nc5 41. Bc2 Nb7 42. Kb6 Nd8 43. Kxa5 Kc5 44. Ka6 Nc6 45. Kb7 Na5+ 46. Kc7 Nc4 47. Bb3 Nb6 48. a5 Nd5+ 49. Bxd5 exd5 50. a6 d4 51. a7 d3 52. a8Q Kc4 53. Qa4+ Kc3 1-0

[Event "Steinfurt Bezirksliga 0809"]
[Site "Germany"]
[Date "2009.04.04"]
[Round "8.6"]
[White "Roewekamp, Andre"]
[Black "Niering, Bernhard"]
[Result "1-0"]
[WhiteElo "1394"]
[BlackElo "1268"]
[PlyCount "65"]
[EventDate "2008.09.27"]
[EventType "team-tourn"]
[EventRounds "9"]
[EventCountry "GER"]
[SourceTitle "EXT 2010"]
[Source "ChessBase"]
[SourceDate "2010.11.25"]
[SourceVersion "1"]
[SourceVersionDate "2010.11.25"]
[SourceQuality "1"]
[WhiteTeam "Reckenfeld"]
[BlackTeam "Steinfurt III"]
[WhiteTeamCountry "GER"]
[BlackTeamCountry "GER"]

1. e4 g6 2. d4 e6 3. Nf3 d6 4. c3 Bg7 5. Bg5 f6 6. Be3 Ne7 7. Bd3 0-0 8. Qb3 b6 9. 0-0 Kh8 10. Nbd2 d5 11. Rfe1 Nbc6 12. exd5 Nxd5 13. Bb5 Na5 14. Qc2 c6 15. Bd3 Qc7 16. Nf1 Nxe3 17. Rxe3 c5 18. dxc5 bxc5 19. Ng3 c4 20. Be2 Bh6 21. Re4 f5 22. Rh4 Kg7 23. Rd1 Bb7 24. Nd4 Qe7 25. Qa4 Bg5 26. Rh3 e5 27. Ndxf5+ gxf5 28. Rd7 Nc6 29. Rxe7+ Nxe7 30. Qxc4 Bd5 31. Qc7 Rf7 32. Qxe5+ Bf6 33. Nh5+ 1-0

[Event "Steinfurt Bezirksklasse 0809"]
[Site "Germany"]
[Date "2009.03.28"]
[Round "6.3"]
[White "Roewekamp, Andre"]
[Black "Roos, Bastian"]
[Result "1-0"]
[WhiteElo "1455"]
[BlackElo "1329"]
[PlyCount "49"]
[EventDate "2008.09.13"]
[EventType "team-tourn"]
[EventRounds "7"]
[EventCountry "GER"]
[SourceTitle "EXT 2010"]
[Source "ChessBase"]
[SourceDate "2010.11.25"]
[SourceVersion "1"]
[SourceVersionDate "2010.11.25"]
[SourceQuality "1"]
[WhiteTeam "Reckenfeld II"]
[BlackTeam "Saerbeck III"]
[WhiteTeamCountry "GER"]
[BlackTeamCountry "GER"]

1. e4 c5 2. Nf3 Nc6 3. Nc3 d6 4. d4 cxd4 5. Nxd4 e5 6. Nf3 Bg4 7. h3 Bh5 8. Bb5 a6 9. Be2 Nf6 10. 0-0 Bg6 11. Bd3 d5 12. exd5 Nxd5 13. Bxg6 Nxc3 14. Bxf7+ Kxf7 15. bxc3 Be7 16. Qe2 Qd5 17. Rd1 Qe6 18. Ba3 h6 19. Bxe7 Kxe7 20. Qe4 Rad8 21. Nh4 Rxd1+ 22. Rxd1 Rd8 23. Ng6+ Ke8 24. Re1 Rd5 25. Nf4 1-0

[Event "Steinfurt Bezirksklasse 0809"]
[Site "Germany"]
[Date "2009.03.07"]
[Round "5.3"]
[White "Limberg, Rudolf"]
[Black "Roewekamp, Andre"]
[Result "1-0"]
[WhiteElo "1501"]
[BlackElo "1455"]
[PlyCount "59"]
[EventDate "2008.09.13"]
[EventType "team-tourn"]
[EventRounds "7"]
[EventCountry "GER"]
[SourceTitle "EXT 2010"]
[Source "ChessBase"]
[SourceDate "2010.11.25"]
[SourceVersion "1"]
[SourceVersionDate "2010.11.25"]
[SourceQuality "1"]
[WhiteTeam "Rheine SG"]
[BlackTeam "Reckenfeld II"]
[WhiteTeamCountry "GER"]
[BlackTeamCountry "GER"]

1. Nf3 Nc6 2. d4 e6 3. e4 d5 4. e5 f6 5. Bb5 Bd7 6. exf6 Nxf6 7. h3 Ne7 8. Bxd7+ Qxd7 9. 0-0 Nf5 10. Ne5 Qa4 11. Nf3 Bd6 12. Nc3 Qd7 13. Re1 0-0-0 14. Qe2 Rde8 15. Nb5 a6 16. Nxd6+ Qxd6 17. Ne5 Nxd4 18. Qd3 Qc5 19. b4 Qxc2 20. Qxd4 Qf5 21. Qa7 c6 22. Nf7 Ne4 23. Nxh8 c5 24. f3 Rf8 25. bxc5 Qf6 26. c6 bxc6 27. Be3 Nc3 28. Qxa6+ Kd7 29. Qa7+ Kc8 30. Bd4 1-0